ბათუმის შოთა რუსთაველის სახელმწიფო უნივერსიტეტის ბიბლიოთეკა

Stats To Go : (ბიბ.ჩანაწერი № 54400)

000 -LEADER
fixed length control field 00915nam a2200313Ia 4500
001 - CONTROL NUMBER
control field 21456
003 - CONTROL NUMBER IDENTIFIER
control field GE_BSU
005 - DATE AND TIME OF LATEST TRANSACTION
control field 20221122163803.0
008 - FIXED-LENGTH DATA ELEMENTS--GENERAL INFORMATION
fixed length control field 181216s2016||||enk|||||||||||||| ||eng||
020 ## - INTERNATIONAL STANDARD BOOK NUMBER
International Standard Book Number 9781138176072x
040 ## - CATALOGING SOURCE
Transcribing agency GE_BSU
080 ## - UNIVERSAL DECIMAL CLASSIFICATION NUMBER
Universal Decimal Classification number 338.48+796 B-92
100 ## - MAIN ENTRY--PERSONAL NAME
Personal name Buglear, John
9 (RLIN) 12930
245 ## - TITLE STATEMENT
Title Stats To Go :
Remainder of title A guide to statistics for hospitality, Leisure and Tourism /
Statement of responsibility, etc. John Buglear.
264 ## - PRODUCTION, PUBLICATION, DISTRIBUTION, MANUFACTURE, AND COPYRIGHT NOTICE
Place of production, publication, distribution, manufacture London :
Name of producer, publisher, distributor, manufacturer Routledge,
Date of production, publication, distribution, manufacture, or copyright notice 2016.
300 ## - PHYSICAL DESCRIPTION
Extent 272 p. ;
Dimensions 25 cm.
500 ## - GENERAL NOTE
General note Index p. : 277-280
653 ## - INDEX TERM--UNCONTROLLED
keyword Stats To Go
653 ## - INDEX TERM--UNCONTROLLED
keyword A guide to statistics for hospitality
653 ## - INDEX TERM--UNCONTROLLED
keyword Leisure
653 ## - INDEX TERM--UNCONTROLLED
keyword Tourism
653 ## - INDEX TERM--UNCONTROLLED
keyword Экономика
653 ## - INDEX TERM--UNCONTROLLED
keyword Туризм
653 ## - INDEX TERM--UNCONTROLLED
keyword ეკონომიკა
653 ## - INDEX TERM--UNCONTROLLED
keyword ტურიზმი
653 ## - INDEX TERM--UNCONTROLLED
keyword სტუმართმოყვარეობა
942 ## - ADDED ENTRY ELEMENTS (KOHA)
Koha item type წიგნი
Source of classification or shelving scheme
ეგზემპლარები
Withdrawn status Lost status Source of classification or shelving scheme Damaged status Not for loan Permanent Location Current Location Shelving location Date acquired Cost, normal purchase price Full call number Barcode Date last seen Copy number Price effective from Koha item type Public note
          ბათუმის შოთა რუსთაველის სახელმწიფო უნივერსიტეტის მთავარი ბიბლიოთეკა ბათუმის შოთა რუსთაველის სახელმწიფო უნივერსიტეტის მთავარი ბიბლიოთეკა წიგნსაცავი 2018-12-17 212.00 338.48+796 B-92 55424 2018-12-17 55424 2018-12-17 წიგნი 212.00 GEL.
          ბათუმის შოთა რუსთაველის სახელმწიფო უნივერსიტეტის მთავარი ბიბლიოთეკა ბათუმის შოთა რუსთაველის სახელმწიფო უნივერსიტეტის მთავარი ბიბლიოთეკა წიგნსაცავი 2018-12-17 212.00 338.48+796 B-92 55425 2018-12-17 55425 2018-12-17 წიგნი 212.00 GEL.
          ბათუმის შოთა რუსთაველის სახელმწიფო უნივერსიტეტის მთავარი ბიბლიოთეკა ბათუმის შოთა რუსთაველის სახელმწიფო უნივერსიტეტის მთავარი ბიბლიოთეკა წიგნსაცავი 2018-12-17 212.00 338.48+796 B-92 55426 2018-12-17 55426 2018-12-17 წიგნი 212.00 GEL.